000 01262cad a2200241 4500
001 L158867
008 100215n2013 000 0 eng u
020 _a9781783210305
035 _a(Sirsi) u158867
041 _aeng
100 1 _aWaly, Ahmed
111 2 _aConstruction and Building Research Conference
_cIIT Delhi, New Delhi
_d10-12 September 2013
245 0 4 _aThe introduction of mediation as an effective tool for disputes resolution in construction projects in Egypt
_h[electronic resource]
260 _aLondon
_bRICS
_c2013
490 0 _aCOBRA
_v2013
520 _aA paper presented at the COBRA Conference in New Delhi on 10-12 September 2013. Concerns the introduction of mediation as an effective tool for disputes resolution in construction projects in Egypt. The characteristics of the mediation process, its different phases, advantages and challenges are discussed in this paper, along with its distinction between the other disputes resolution methods. The steps taken so far to introduce mediation in Egypt is presented.
650 2 4 _aCONSTRUCTION AND BUILDING RESEARCH CONFERENCE (COBRA)
650 2 4 _aMEDIATION
650 2 4 _aALTERNATIVE DISPUTE RESOLUTION
651 4 _aEgypt
690 _aDispute resolution
_96236
942 _n0
999 _c115556
_d115556